000 00193nam a2200073Ia 4500
008 170617s9999 xx 000 0 und d
100 _aWongs Wilson
245 0 _aNursing Care of Infants and Children
260 _bVIKAS PUB HOUSE
999 _c12627
_d12627